Quizzes
Events
Quiz Creation
Community
Videos
Private Events
Remove Ads
Sign In
Join for FREE
Feedback
Dark Mode
Quiz Categories
Sports
Geography
Music
Movies
Television
Just For Fun
Miscellaneous
History
Literature
Language
Science
Gaming
Entertainment
Religion
Holiday
For Kids
Quiz Lab
Recent
Popular Today
Quiz Kudos Today
Editor Picks
Curator Picks
Quizzes by...
Day
Popularity
Type
Ratings
Length
Year
Community
Subscriptions
Recent Discussions
Orange Saloon
Badges
Playlists
Quests
Create
Leaderboards
Showdown
Live 5
Trivia Bingo
Activity
Puzzle Library
Sporcle Events
Private Events
Virtual Trivia
Globe League
Become a Host
Pub Owners
SporcleCon
Opinionation
Our Games
Videos
Blog
Mobile Apps
Partnerships
Remove Ads and Go Orange
Feedback
Sports
Athletes
MLB
NBA
NHL
NFL
Soccer
Sports Teams
WWE
NCAA
Football
Premier League
Basketball
Baseball
Hockey
Golf
Tennis
Cricket
Rugby
Auto Racing
Olympics
World Cup
Sports
Athletes
MLB
NBA
NHL
NFL
Soccer
Sports Teams
WWE
NCAA
Football
Premier League
Basketball
Baseball
Hockey
Golf
Tennis
Cricket
Rugby
Auto Racing
Olympics
World Cup
Random Quiz
Search Sporcle
×
Quiz Lab
Quiz Lab
Sports
Inter
Type in answers that appear in a list
Type in answers that appear in a list
Classic
Best Score? Go Orange.
Inter Milan Champions League Players Stats
Can you name the Inter Milan Champions League Players?
By
adamsteve1984
20m
119 Questions
562 Plays
562 Plays
562 Plays
Comments
Comments
Give Quiz Kudos
Give Quiz Kudos
-
- Ratings
hide this ad
Replay
Link that replays current quiz
Next Quiz
Link to next quiz in quiz playlist
You Got
0%
They Got
Avg Score
46%
Avg Friend Score
Upgrade to see
Score Distribution
Jump to the score distribution portion of the page
Score
0/119
Timer
20:00
0
Plays Today
Player
% Correct
Javier Zanetti
93.4%
Cristiano Zanetti
92.7%
Júlio César
91.8%
Samuel Eto'o
90.2%
Diego Milito
89.1%
Wesley Sneijder
89.1%
Zlatan Ibrahimović
85.9%
Lúcio
85.6%
Francesco Toldo
85.2%
Maicon
84.8%
Walter Samuel
84.8%
Esteban Cambiasso
84.5%
Marco Materazzi
84.5%
Ronaldo
83.6%
Adriano
83.2%
Dejan Stanković
83.2%
Christian Vieri
83.2%
Cristian Chivu
80.6%
Mario Balotelli
79.3%
César
78.8%
Ivan Córdoba
74.7%
Luis Figo
74.5%
Goran Pandev
74.2%
Hernán Crespo
72.7%
Patrick Vieira
72.5%
Roberto Baggio
69%
Julio Cruz
68.8%
Obafemi Martins
68.4%
Andrea Pirlo
67.2%
Fabio Cannavaro
65.8%
Alvaro Recoba
65.2%
Thiago Motta
63.1%
Sulley Muntari
62.4%
Juan Sebastián Verón
61.1%
Luigi Di Biagio
60.6%
Youri Djorkaeff
58.3%
Giuseppe Bergomi
57.9%
Iván Zamorano
57.9%
Maxwell
57.6%
Andrea Ranocchia
57.4%
Player
% Correct
Giampaolo Pazzini
57.2%
Diego Simeone
55.4%
Mancini
54.9%
Gianluca Pagliuca
54.4%
Yuto Nagatomo
54.2%
Davide Santon
54.2%
Nicolás Burdisso
53.1%
Emre Belözoğlu
52.6%
Andy van der Meyde
52.2%
Mariano González
51.7%
Kily González
51.7%
Ricardo Quaresma
51.7%
Edgar Davids
51%
Fabio Grosso
50.8%
Francesco Coco
50.6%
Olivier Dacourt
49.6%
Giuseppe Favalli
44.9%
Taribo West
44.2%
Philippe Coutinho
43.5%
Mohamed Kallon
42.8%
Siniša Mihajlović
42.6%
Aron Winter
41.7%
Nicola Ventola
41.4%
Matías Almeyda
41%
Diego Forlán
40.1%
Santiago Solari
39.6%
Benoît Cauet
38.9%
Zé Maria
38.5%
Ricardo Álvarez
38.3%
Sérgio Conceição
38%
David Suazo
38%
Joel Obi
37.6%
Mauro Zárate
37.6%
Francesco Colonnese
36%
David Pizarro
36%
Daniele Adani
35.8%
Mikaël Silvestre
34.8%
Stéphane Dalmat
34%
Andrés Guglielminpietro
33.7%
Giorgios Karagounis
33.3%
Player
% Correct
Thomas Helveg
33.2%
Salvatore Fresi
32.4%
Fabio Galante
32.1%
Okan Buruk
31.9%
MacDonald Mariga
31.6%
Paolo Orlandoni
30.7%
Jonathan Biabiany
30.3%
Francesco Moriero
29.2%
Zé Elias
27.1%
Paulo Sousa
26.7%
Carlos Gamarra
25.5%
Nelson Rivas
25.1%
Pierre Womé
24.6%
Andrea Poli
24.4%
Luis Jiménez
24.1%
Luca Castellazzi
22.6%
Fabian Carini
22.3%
Domenico Morfeo
22.1%
Jonathan
20.7%
Giovanni Pasquale
20.7%
Marco Andreolli
20.3%
Alberto Fontana
20%
Pelé
19.4%
Sabri Lamouchi
19.3%
Houssine Kharja
16.2%
Jérémie Bréchet
15.7%
Mauro Milanese
13.9%
Cristiano Biraghi
13.2%
Felice Natalino
11.4%
Nicola Beati
10.2%
Daniel Maa Boumsong
10.2%
Davide Faraoni
9.6%
Nwankwo Obiora
8.6%
Francesco Bolzoni
7.8%
Luca Caldirola
7.1%
Matteo Momentè
7%
Lorenzo Crisetig
6.2%
Hernán Dellafiore
3.6%
Gabriele Puccio
2.7%
Quiz Playlist
Details
Report
Send in Message
Add To Playlist
Classic:
Type in answers that appear in a list
Last Updated: Jun 20, 2017
Quiz Scoreboard
CHALLENGE
Sign Up to Join the Scoreboard
Show All
Scores
Hide
Comments
May contain spoilers
Recently Published
Click the 1999 NBA Draft
by nibperrychub
Sports
2m
Alphabetical 'K' Countries by Flag Minefield
by ylime102
Geography
3m
Pick 6: Fruits
by JohnFran
Miscellaneous
15s
More to Explore
Quiz From the Vault
Featured Blog Post
15 Basketball Trivia Facts You Can Be March Mad About
hide this ad
You Might Also Like...
Tags
champion
Champions League
Inter
Inter Milan
League
milan
Player
Today's Top Quizzes in Sports
Browse Sports
hide this ad
Top Contributed Quizzes in Sports
1
Les joueurs à 100 buts en Ligue 1 Uber Eats
2
Pick 6: NFL Teams
3
MLB 2 truths and a lie: Hall of Fame pitchers
4
2022 World Cup Stars
5
Criteria MLB: Left Handed Sluggers
6
Millionaire: NBA Finals Edition
7
Pick 6: Minor League Baseball
8
Click the 1998 NBA Draft
9
Don't Strike Out: 3000 Strikeouts
10
Pick 6: Olympics
Explore More
Trending Topics
Disney
NBA
Kpop
Crossword
Harry Potter
Anime
Marvel
The Office
Pokémon
Song
Puzzle
Country
Soccer
WWE
NFL
hide this ad
More By:
adamsteve1984
Quiz
Plays
Rating
Category
Featured
Created
Liverpool Premier League Players
10,566
5.00
Sports
Apr 25, 2017
Manchester United Premier League Players
7,627
5.00
Sports
Jun 2, 2017
Arsenal Premier League Players
6,200
5.00
Sports
Jun 2, 2017
Chelsea Premier League Players
5,890
5.00
Sports
Jun 3, 2017
Newcastle United Premier League Players
5,783
5.00
Sports
May 12, 2017
Go to Creator's Profile
Score Distribution
Quiz Creator Spotlight
adamsteve1984
Follow
Send a Message
Quizzes Created
-
Created Quiz Play Count
-
More By This Creator
Popular Quizzes Today
1
Countries of Asia Without Outlines Minefield
2
Find the US States - No Outlines Minefield
3
Pick 6: Fruits
4
Alphabetical 'K' Countries by Flag Minefield
5
The Countries of the World
6
Find the US States
7
US States
8
Match the Book to the Film X
More Sports Quizzes
Yankees Hall of Famers
Curator's Pick
Trending Quizzes
Pick 6: Mountains
Pick 6: Harry Potter
Pick 6: NFL Teams
Pick 6: Movie Franchises
Pick 6: Flags
Recently Updated
NWSL Teams
pecheneg
Women's Final Four Teams by Year
bhenderson79
Presidents Quartet II
eogle
Anything But Clue(do)
eogle
Anything But Oceanian Capitals
eogle
Anything But 7
eogle
Anything But Thing
eogle
Word Ladder: February 29
pecheneg
Song Title Questions
pecheneg
Women's NCAA Tournament #1 Seeds
pecheneg
Trending Topics
Disney
Kpop
Marvel
NBA
Harry Potter
Crossword
Anime
Country
NFL
Soccer
Pokémon
Puzzle
The Office
WWE
Song
Your Account Isn't Verified!
In order to create a playlist on Sporcle, you need to verify the email address you used during registration. Go to your
Sporcle Settings
to finish the process.
Report this User
Report this user for behavior that violates our
Community Guidelines
.
Details:
Send Report
Go to the Sporcle.com Mobile Site →
Comments